000 00706nam a2200229 a 4500
001 52274
003 BD-RjUL
005 20211209075758.0
008 160907s1964 enk b 001 0 eng
035 _a(BD-RjUL)52394
040 _aLAS
_beng
_cLAS
_dBD-RjUL
041 _aeng
082 _223
_a338.9173
_bFEF 1964
100 1 _aFeis, Herbert
_d1893-1972.
_9129108
245 1 0 _aForeign aid and foreign policy /
_cHerbert Feis
260 _aLondon :
_bMacmillan,
_cc1964
300 _avii, 246 p. ;
_c22 cm
504 _aIncludes bibliographical references and index
650 0 _aEconomic assistance, American
_9156403
651 0 _aUnited States
_xForeign relations
_y1961-1963
_9129742
942 _2ddc
_cBK
999 _c52274
_d52274